| 000 | 00636nam a2200217 a 4500 | ||
|---|---|---|---|
| 005 | 20231026063545.0 | ||
| 008 | 020218s2000 r 000 0 eng d | ||
| 020 | _a9681809769 | ||
| 035 | _aUPN01000116252 | ||
| 049 | _aCG | ||
| 050 | 4 |
_aHG4026 _bV5.28 |
|
| 100 | 1 | _aViscione, Jerry A. | |
| 245 | 1 | 0 |
_aAnálisis financiero : _bprincipios y métodos / _cJerry A. Viscione. |
| 260 |
_aMéxico : _bLimusa, _cc2000. |
||
| 300 |
_a320 p. : _bcuadros |
||
| 500 | _a"Area: Finanzas" | ||
| 650 | 4 |
_aAdministración financiera _9499 |
|
| 650 | 4 |
_aEMPRESAS COMERCIALES - _xFINANZAS _98104 |
|
| 650 | 4 |
_aNEGOCIOS - _xFINANZAS |
|
| 905 | _aLibro | ||
| 999 |
_c89003 _d89003 |
||